|
|
|
|
| LEADER |
01142nam a2200349 4500 |
| 001 |
DLU090091283 |
| 005 |
##20091201 |
| 040 |
# |
# |
|a DLU
|b eng
|
| 041 |
# |
# |
|a eng
|
| 044 |
# |
# |
|a us
|
| 100 |
# |
# |
|a Venkateswaran, Kasthuri.
|
| 245 |
# |
# |
|a Cloning and nucleotide sequence of the gyrB gene of vibrio parahaemolyticus and its application in detection of this pathogen in shrimp /
|c Kasthuri Venkateswaran, Nobuhiko Dohmoto, Shigeaki Harayama.
|
| 653 |
# |
# |
|a Biological contamination
|
| 653 |
# |
# |
|a Molecular cloning
|
| 653 |
# |
# |
|a Nucleotide sequence
|
| 653 |
# |
# |
|a Oligonucleotide
|
| 653 |
# |
# |
|a Pathogenic
|
| 653 |
# |
# |
|a Prawn
|
| 653 |
# |
# |
|a Primer
|
| 653 |
# |
# |
|a Vibrio parahaemolyticus
|
| 700 |
# |
# |
|a Dohmoto, Nobuhiko.
|
| 700 |
# |
# |
|a Harayama, Shigeaki.
|
| 773 |
# |
# |
|t Applied and Environmental Microbiology
|g Vol. 64, no. 2 (February 1998), p. 681-687
|
| 920 |
# |
# |
|a Phòng Tạp chí -- Trung tâm Thông tin - Thư viện Trường Đại học Đà Lạt
|
| 994 |
# |
# |
|a DLU
|
| 900 |
# |
# |
|a True
|
| 911 |
# |
# |
|a Trương Bảo Trâm Anh
|
| 925 |
# |
# |
|a G
|
| 926 |
# |
# |
|a A
|
| 927 |
# |
# |
|a BB
|
| 980 |
# |
# |
|a Thư viện Trường Đại học Đà Lạt
|